000 00837nam a2200229 i 4500
001 13324
003 ES-MaACL
005 20231226133726.0
007 t|
008 980210s1997 sp ||||1| spa d
080 _a791.43(460)
100 1 _aMatellano García, Víctor.
_978935
245 1 0 _aBienvenido, Mister Marshall
_b: de la anécdota al cine con un pequeño pueblo castellano /
_cVíctor Matellano García ; prólogos de Luis Gª Berlanga y Elvira Quintillá.
260 _aColmenar Viejo, Madrid :
_bLa Comarca,
_c[1997]
300 _a47 p. :
_bil. ;
_c25 cm.
600 1 7 _aGarcía Berlanga, Luis,
_d1921-2010
_2embne
_9171047
650 _aCine-
_zEspaña.
_911025
700 1 _aGarcía Berlanga, Luis,
_d1921-2010
_9171047
700 1 _aQuintillá, Elvira.
_994736
852 _aES-MaACL
_jL-20660
999 _c13324
_d13324